|
|
|
|
| LEADER |
00000nab a2200000 a 4500 |
| 001 |
vtls000820546 |
| 003 |
SK-MaSNL |
| 005 |
20260318115026.0 |
| 008 |
160322c2002 xo 0 ukr |
| 015 |
|
|
|a SNBRB2002/12-42263
|
| 035 |
|
|
|a CLN000172201
|
| 040 |
|
|
|a SNKBUCL
|b slo
|c SNKBUCL
|e AACR2
|
| 041 |
0 |
|
|a ukr
|
| 044 |
|
|
|a xo
|c SK
|
| 080 |
|
|
|a 61-051
|2 UDC-MRF-SK2
|
| 080 |
|
|
|a 929 Krajnjak, Ivan
|2 UDC-MRF-SK2
|
| 100 |
1 |
|
|a Šmajda, Michal,
|d 1920-2017
|4 aut
|9 172708
|
| 245 |
1 |
0 |
|a D-r Ivan Krajnjak
|c Mychajlo Šmajda
|
| 300 |
|
|
|b Fotogr.
|
| 600 |
1 |
7 |
|a Krajnjak, Ivan
|d 1960-
|2 snkbucl
|9 1619888
|
| 651 |
|
7 |
|a Humenné (Slovensko : okres)
|2 snkbucl
|9 22484
|
| 651 |
|
7 |
|a Medzilaborce (Slovensko : okres)
|2 snkbucl
|9 29394
|
| 651 |
|
7 |
|a 520411
|2 snkbucl
|9 874422
|
| 651 |
|
7 |
|a 520004
|2 snkbucl
|9 1619084
|
| 655 |
|
7 |
|a články z novín a časopisov
|2 snkbucl
|9 267496
|
| 773 |
0 |
|
|t Nove žyttja
|g Roč. 52, č. 25-30 (2002), s. 10
|
| 850 |
|
|
|a Slovenská národná knižnica v Martine
|
| 852 |
|
|
|a SNK
|b KIS3GCP
|
| 958 |
|
|
|a UK
|
| 958 |
|
|
|a SK
|
| 958 |
|
|
|a BX
|
| 958 |
|
|
|a RBX
|
| 999 |
|
|
|c 3337913
|d 3339843
|